000 00483cam a22001937a 4500
001 000087
003 armpunfd
005 20140612090558.0
008 011019e1964####xx#a##########000#0#und#d
040 _aarmpunfd
_carmpunfd
080 _a34(37) OR 8
100 1 0 _a Ortolan, M.
245 1 0 _aInstituciones de justiniano
260 _a Buenos Aires
_b Omeba
_cIMP. 1964
300 _a367 p.
650 7 _a Derecho Romano
_2LEMB
942 _cLB
_2cdu
945 _aCatalis
_d2010-08-19
999 _c86
_d230590